Statistiche per Affluenti del Po

Clicka qui per fare il quiz!

Statistiche generali

  • Questo quiz è stato fatto 27 volte
  • Il punteggio medio è 9 su 16

Statistiche sulle risposte

Lunghezza (km)Regioni attraversateAffluente% Corretto
187LombardiaAdda
94%
169Valle d'Aosta / PiemonteDora Baltea
94%
102PiemonteDora Riparia
94%
276Liguria / PiemonteTanaro
94%
248Piemonte / LombardiaTicino
82%
148Emilia-RomagnaPanaro
76%
280LombardiaOglio
71%
126Liguria / Emilia-RomagnaTaro
59%
172Emilia-Romagna / LombardiaSecchia
47%
130LombardiaLambro
41%
140Piemonte / LombardiaSesia
35%
120Liguria / Emilia-Romagna / LombardiaTrebbia
29%
112Toscana / Emilia-RomagnaEnza
24%
117Liguria / Piemonte / LombardiaScrivia
24%
140Piemonte / LombardiaAgogna
12%
111PiemonteMaira
6%

Distribuzione punteggi

Percentile per numero di risposta

Percentuale di utenti per punteggio

I tuoi punteggi nel tempo

Non hai fatto questo quiz